In the family: (Record no. 6147)

000 -LEADER
fixed length control field 00630nam a2200193 a 4500
001 - CONTROL NUMBER
control field :::00003890$&:&@@
003 - CONTROL NUMBER IDENTIFIER
control field OkBaRHE
005 - DATE AND TIME OF LATEST TRANSACTION
control field 20000607103314.0
008 - FIXED-LENGTH DATA ELEMENTS--GENERAL INFORMATION
fixed length control field s1978 j 000 0 eng u
040 ## - CATALOGING SOURCE
Transcribing agency
100 1# - MAIN ENTRY--PERSONAL NAME
Personal name Van Gorder, Paul R.
245 10 - TITLE STATEMENT
Title In the family:
Remainder of title lessons from First John.
260 ## - PUBLICATION, DISTRIBUTION, ETC. (IMPRINT)
Place of publication, distribution, etc Grand Rapids, MI.,
Name of publisher, distributor, etc Radio Bible Class
Date of publication, distribution, etc c1978
300 ## - PHYSICAL DESCRIPTION
Extent 175 p. ;
Dimensions 21 cm.
650 ## - SUBJECT ADDED ENTRY--TOPICAL TERM
Topical term or geographic name as entry element Bible New Testament 1 John
General subdivision Criticism, Interpretation, etc.
650 ## - SUBJECT ADDED ENTRY--TOPICAL TERM
Topical term or geographic name as entry element Christian Life
942 ## - ADDED ENTRY ELEMENTS (KOHA)
Source of classification or shelving scheme
Koha item type Books
Copies
Barcode Withdrawn status Koha item type Full call number Shelving location Date last seen Price effective from Copy number Not for loan Lost status Permanent Location Date acquired Source of classification or shelving scheme Damaged status
3890 BooksBS 2808.2 .V277General Stacks2018-04-032010-04-141  RHEMA Bible Training College2010-04-14